Normal view
MARC view
Entry Personal Name
001 - CONTROL NUMBER
- control field: 35030
003 - CONTROL NUMBER IDENTIFIER
- control field: dpl
005 - DATE AND TIME OF LATEST TRANSACTION
- control field: 20110929111034.0
008 - FIXED-LENGTH DATA ELEMENTS
- fixed length control field: 110929|||a|||||| | ||| d
040 ## - CATALOGING SOURCE
- Original cataloging agency: dpl
- Transcribing agency: dpl
100 ## - HEADING--PERSONAL NAME
- Personal name: Sharma, Ravindra
670 ## - SOURCE DATA FOUND
- Source citation: Work cat.: (dpl): Sharma, Ravindra , Human rights challenges and institutional responses /, 2009
670 ## - SOURCE DATA FOUND
- Source citation: Work cat.: (dpl): Sharma, Ravindra , Human rights challenges and institutional responses /, 2009
